| 000 | 00751nam a22002417a 4500 | ||
|---|---|---|---|
| 001 | 7993 | ||
| 003 | FISKH | ||
| 005 | 20250818103910.0 | ||
| 008 | 250818b cb ||||| |||| 00| 0 eng d | ||
| 020 | _a9780516215952 | ||
| 040 |
_aFISKH _beng _cFISKH _dFISKH |
||
| 050 | _aPZ8.B6725 O | ||
| 082 | _a413 | ||
| 100 | _aBowdish, Lynea | ||
| 245 |
_aOne glad man / _cWritten by Lynea Bowdish ; Illustrated by Kristin Sorra |
||
| 260 |
_aNew York : _bScholastic, _c1999. |
||
| 300 |
_a31 pages : _bcolor illustrations ; _c19 cm |
||
| 505 | _aNP | ||
| 520 | _aRhyming text describes the animals, from one to ten, that take up residence in a lonely man's home. | ||
| 700 |
_aSorra, Kristin _eillustrator |
||
| 942 |
_2ddc _cBK _n0 |
||
| 999 |
_c7993 _d7993 |
||